000 00641nam a2200229Ia 4500
003 OSt
005 20220925170519.0
006 a|||||r|||| 00| 0
007 ta
008 220923b |||||||| |||| 00| 0 eng d
037 _cGeneral Book
040 _aRTL
_cRTL
_beng
041 _2eng
_aeng
082 _aX9(J):75.4-1.N6, K9
100 _aMahfooz Ahmed
_9237110
245 0 _aStrategies for agricultural development in selecte
260 _aBangkok
_bECAFE
_c1969
300 _aii, 147p.
_ccm.
650 _aPlanning
942 _hX9(J):75.4-1.N6, K9
_cGB
_2CC
999 _c480318
_d480318